Η θεωρία του Bϋcher περί οικονομικών σταδίων και η Παγκόσμιος οικονομία
Αποθηκεύτηκε σε:
| Κύριος συγγραφέας: | |
|---|---|
| Μορφή: | Βιβλίο |
| Γλώσσα: | Greek |
| Δημοσίευση: |
Θεσσαλονίκη :
1930
|
| Θέματα: | |
| Ετικέτες: |
Προσθήκη ετικέτας
Δεν υπάρχουν, Καταχωρήστε ετικέτα πρώτοι!
|
MARC
| LEADER | 00000cam a2200000 i 4500 | ||
|---|---|---|---|
| 001 | 1/98533 | ||
| 008 | 950316s1930 gr | ||| |||| ||gre|| | ||
| 035 | |l 10010968 | ||
| 040 | |a GR-MY-UA |b gre |e aacr | ||
| 041 | 0 | |a gre | |
| 082 | 0 | |a 330.01 | |
| 100 | 1 | |a Ζολώτας, Ξενοφών Ε., |d 1904-2004. | |
| 245 | 1 | 2 | |a Η θεωρία του Bϋcher περί οικονομικών σταδίων και η Παγκόσμιος οικονομία / |c Ξεν.Ε.Ζολώτα |
| 260 | |a Θεσσαλονίκη : |c 1930 | ||
| 300 | |a 20 σ. | ||
| 650 | 0 | 0 | |a Economics |x Methodology. |
| 650 | 0 | 0 | |a Economics |x Philosophy. |
| 852 | |a INST |b LESVOS |e 19950316 |h 330.01 ΖΟΛ |p 005100002452 |q 005100002452 |t BK |y 0 | ||
| 909 | |a Λ |b 038109 | ||
| 970 | |z 2000/05/ΟΙΚΟΝΟΜΟΠΟΥΛΟΥ ΧΡΙΣΤΙΝΑ | ||